000 00718nam a2200253 i 4500
001 C2-0276412
003 PPAK
005 20180728004830.0
008 061128s2006 my a|||| ||||| | eng d
020 _a9833346557
040 _aPPAK
_beng
_cPPAK
_erda
082 0 4 _a032.02
_223
090 0 0 _a032.02
_bILL
_dR
245 0 0 _aIllustrated book of when
264 1 _aKuala Lumpur :
_bEarly Learner Publications ,
_c2006
300 _a120 pages :
_bcolour illustrations ;
_c25 cm
336 _2rdacontent
_atext
337 _2rdamedia
_aunmediated
338 _2rdacarrier
_avolume
490 1 _aIllustrated book of where
650 1 0 _aQuestion and answer.
830 0 _aIllustrated book of where
942 _ddc
_cB
999 _c83854
_d83854